000 00447nam a22001697a 4500
003 MPLRDC
005 20220104142850.0
008 210129b ||||| |||| 00| 0 eng d
082 _a177.2 XJWK v.21
100 _a牧村史朗著; 陈腾祥译
245 _a如何待人处世: 对付叨唠愤怒谄害的手法
_c
260 _a
_b鸿文出版社
_c
300 _b
490 _a雄鸡文库;21
650 _a
942 _cBK
_o177.2 XJWK v.21
999 _c34340
_d34330